| 000 | 00681nam a2200241 i 4500 | ||
|---|---|---|---|
| 001 | 59915 | ||
| 003 | ES-MaACL | ||
| 005 | 20250827062604.0 | ||
| 007 | t| | ||
| 008 | 031031s1982 sp ||||1| spa d | ||
| 020 | _a84-340-0036-9 | ||
| 110 | 1 |
_aEspaña _93622 |
|
| 240 | 1 | 0 | _aLey de enjuiciamiento civil, 1881 |
| 245 | 1 | 0 | _aLey de enjuiciamiento civil. |
| 250 | _a[9ª ed.]. | ||
| 260 |
_aMadrid : _bBoletín Oficial del Estado, _c1982. |
||
| 300 |
_a984 p. ; _c17 cm. |
||
| 490 | 1 |
_aTextos legales ; _v35 |
|
| 740 | 0 | _aLey de enjuiciamiento civil, 1881. | |
| 830 | 0 |
_aTextos legales ; _v35 _9178122 |
|
| 852 |
_aES-MaACL _jL-6927 _bR.106599 |
||
| 999 |
_c59915 _d59915 |
||